Catálogo público

Salt-Affected soils (Record no. 65328)

MARC details
000 -CABECERA
campo de control de longitud fija 00643nam a22002297a 4500
005 - FECHA Y HORA DE LA ÚLTIMA TRANSACCIÓN
campo de control 20220329141247.0
008 - DATOS DE LONGITUD FIJA--INFORMACIÓN GENERAL
campo de control de longitud fija 971010s1989 r 00010 d
010 ## - NÚMERO DE CONTROL DE LA BIBLIOTECA DEL CONGRESO
Número de control de LC 65328
011 ## - ENLACE DEL NUMERO DE CONTROL DE LA BIBLIOTECA DEL CONGRESO [OBSOLETO]
Número de control de LC 66300
035 ## - NÚMERO DE CONTROL DEL SISTEMA
Número de control de sistema 74360
082 ## - NÚMERO DE LA CLASIFICACIÓN DECIMAL DEWEY
Número de clasificación 631.44
Número de documento/Ítem S93
100 00 - ENTRADA PRINCIPAL--NOMBRE DE PERSONA
Nombre de persona Szabolcs, Istvan.
9 (RLIN) 111167
245 ## - MENCIÓN DE TÍTULO
Título Salt-Affected soils
260 ## - PUBLICACIÓN, DISTRIBUCIÓN, ETC.
Lugar de publicación, distribución, etc. Boca Raton, Fla. :
Nombre del editor, distribuidor, etc. CRC Press,
Fecha de publicación, distribución, etc. 1989
300 ## - DESCRIPCIÓN FÍSICA
Extensión 274 p.
500 ## - NOTA GENERAL
Nota general 1992-293
590 ## - NOTA LOCAL (RLIN)
Nota local BATCH-UPD
Procedencia (VM) [OBSOLETO] 10
Condición del los carretes individuales (VM) [OBSOLETO] 20130110
-- UCH01
-- 1855
590 ## - NOTA LOCAL (RLIN)
Nota local CONVERSION
Procedencia (VM) [OBSOLETO] 10
Condición del los carretes individuales (VM) [OBSOLETO] 20130109
-- UCH01
-- 1336
650 14 - PUNTO DE ACCESO ADICIONAL DE MATERIA--TÉRMINO DE MATERIA
Término de materia o nombre geográfico como elemento de entrada Suelos salinos.
9 (RLIN) 110558
901 ## - ELEMENTOS DE DATOS A LOCAL LDA (RLIN)
a BK
949 ## - PROCESAMIENTO DE INFORMACIÓN LOCAL (OCLC)
a 631.44 S93
b I
c LIBRO
d -7226
e LIBRO
h 3999
i 74360
s i

No items available.